Sobre el silencio administrativo (Registro nro. 24052)

Detalles MARC
000 -LEADER
fixed length control field 00304 a2200109 4500
001 - CONTROL NUMBER
control field ART_31319
005 - DATE AND TIME OF LATEST TRANSACTION
control field 20260410161840.0
008 - FIXED-LENGTH DATA ELEMENTS--GENERAL INFORMATION
fixed length control field 260409a
100 1# - MAIN ENTRY--PERSONAL NAME
Personal name Gusman, Alfredo S.
245 10 - TITLE STATEMENT
Title Sobre el silencio administrativo
773 0# - HOST ITEM ENTRY
Title RAP
Related parts - Año 37, Nº 436 (ene. 2015)
Record control number REV5941

No hay ítems disponibles.